| Поле | Инд. | ПП | Название | Значение |
|---|---|---|---|---|
| Тип записи | a | |||
| Библиографический уровень | a | |||
| 001 | Контрольный номер | RU/IS/BASE/264552119 | ||
| 005 | Дата корректировки | 20240320095949.3 | ||
| 008 | Кодируемые данные | 19981014 | ||
| 040 | 00 | e | Правила каталог. | Т 981014 |
| 084 | a | Индекс другой классификации/Индекс ББК | 63.3(5Кит)3 | |
| 090 | 00 | a | Полочн. индекс | 63.3(0)3я43 |
| x | Авторский знак | В 387 | ||
| 100 | 10 | a | Автор | Петров А. А. |
| 245 | 00 | a | Заглавие | Из истории материалистических идей в древнем Китае (Ван Чун, I в.н.э.) |
| 600 | 14 | a | Персоналии | Ван Чун |
| 650 | 04 | a | Основная рубрика | история |
| 653 | 00 | a | Ключевые слова | "Критические рассуждения" |
| a | Ключевые слова | I век | ||
| a | Ключевые слова | биографии | ||
| a | Ключевые слова | Древний Китай | ||
| a | Ключевые слова | древний мир | ||
| a | Ключевые слова | идеология | ||
| a | Ключевые слова | изучение | ||
| a | Ключевые слова | исследования | ||
| a | Ключевые слова | историография | ||
| a | Ключевые слова | исторический процесс | ||
| a | Ключевые слова | китайская философия | ||
| a | Ключевые слова | материализм | ||
| a | Ключевые слова | население | ||
| a | Ключевые слова | общество | ||
| a | Ключевые слова | синология | ||
| a | Ключевые слова | социально-экономическое развитие | ||
| a | Ключевые слова | средние века | ||
| a | Ключевые слова | товарно-денежные отношения | ||
| a | Ключевые слова | философские учения | ||
| 773 | 00 | d | Дата издания источника | Москва, 1939 |
| g | Прочая информация | Т.3(8), 4(9). - С. 49-71 | ||
| t | Заглавие источника | Вестник древней истории | ||
| w | Контрольный № источника | RU/IS/BASE/101818640 | ||
| 901 | t | Тип документа | a |